000
00312nam a22001217a 4500
008
230607b xxu||||| |||| 00| 0 eng d
020
_a
0852557140
082
_a
960
_b
DAV
245
_a
The Search for Africa
_b
A History in the Making
_c
Basil Davidson
260
_a
United Kingdom
300
_a
373 p
942
_2
ddc
_c
BK
999
_c
752
_d
752